Economics of the mortgage market (Record no. 103680)
[ view plain ]
| 000 -LEADER | |
|---|---|
| fixed length control field | 01245cam a2200289 4500 |
| 008 - FIXED-LENGTH DATA ELEMENTS--GENERAL INFORMATION | |
| fixed length control field | 040727n2004 000 0 eng u |
| 020 ## - INTERNATIONAL STANDARD BOOK NUMBER | |
| International Standard Book Number | 1405114614 |
| 035 ## - SYSTEM CONTROL NUMBER | |
| System control number | (Sirsi) u126934 |
| 041 ## - LANGUAGE CODE | |
| Language code of text/sound track or separate title | eng |
| 050 ## - LIBRARY OF CONGRESS CALL NUMBER | |
| Classification number | 306.3 |
| -- | 18 |
| 050 ## - LIBRARY OF CONGRESS CALL NUMBER | |
| Classification number | 332.722 |
| -- | 22 |
| 100 ## - MAIN ENTRY--PERSONAL NAME | |
| Personal name | Leece, David |
| 245 ## - TITLE STATEMENT | |
| Title | Economics of the mortgage market |
| Remainder of title | perspectives on household decision making |
| 260 ## - PUBLICATION, DISTRIBUTION, ETC. | |
| Place of publication, distribution, etc. | Oxford |
| Name of publisher, distributor, etc. | Blackwell |
| Date of publication, distribution, etc. | 2004 |
| 300 ## - PHYSICAL DESCRIPTION | |
| Extent | xii, 258p. |
| Dimensions | 25cm. |
| 350 ## - PRICE (NR) (BK AM CF MU VM SE) [OBSOLETE] | |
| Price | 42.50 |
| 490 ## - SERIES STATEMENT | |
| Series statement | Blackwell Real Estate Issues |
| 520 ## - SUMMARY, ETC. | |
| Summary, etc. | Examines the microeconomics of mortgage choices, using empirical research from the UK and US. Looks at: the demand for mortgage finance; mortgage decisions and the amortisation of debt; credit rationing, mortgage market adjustment and separating equilibrium; the householder's choice of mortgage design; the risky mortgage contract and embedded options - mortgage valuation and household behaviour; prepayment and default behaviour; and the field of mortgage market economics. Bibliography. |
| 650 ## - SUBJECT ADDED ENTRY--TOPICAL TERM | |
| Topical term or geographic name entry element | MORTGAGE FINANCE |
| 650 ## - SUBJECT ADDED ENTRY--TOPICAL TERM | |
| Topical term or geographic name entry element | MORTGAGE MARKET |
| 650 ## - SUBJECT ADDED ENTRY--TOPICAL TERM | |
| Topical term or geographic name entry element | UNITED STATES |
| 650 ## - SUBJECT ADDED ENTRY--TOPICAL TERM | |
| Topical term or geographic name entry element | UNITED KINGDOM |
| 650 ## - SUBJECT ADDED ENTRY--TOPICAL TERM | |
| Topical term or geographic name entry element | HOUSING FINANCE |
| 690 ## - LOCAL SUBJECT ADDED ENTRY--TOPICAL TERM (OCLC, RLIN) | |
| Topical term or geographic name as entry element | HOUSING-HOUSING FINANCE |
| 942 ## - ADDED ENTRY ELEMENTS (KOHA) | |
| Suppress in OPAC | 0 |
| Withdrawn status | Lost status | Source of classification or shelving scheme | Damaged status | Not for loan | Home library | Current library | Shelving location | Date acquired | Cost, normal purchase price | Total Checkouts | Full call number | Barcode | Date last seen | Date last checked out | Copy number | Cost, replacement price | Price effective from | Koha item type |
|---|---|---|---|---|---|---|---|---|---|---|---|---|---|---|---|---|---|---|
| Dewey Decimal Classification | London | London | Books | 14/10/2004 | 36.12 | 4 | 306.3 LEE | 30069573 | 06/08/2019 | 14/01/2005 | 1 | 36.12 | 06/08/2019 | Book |